Madden 25 X-Factors - Statistics

General Stats
  • This quiz has been taken 962 times
  • The average score is 39 of 50
Answer Stats
X-Factor Team Position Answer % Correct
Bazooka Bills QB Josh Allen
99%
Double Me Lions WR Amon-Ra St. Brown
98%
Ankle Breaker 49ers RB Christian McCaffrey
98%
Double Me Vikings WR Justin Jefferson
98%
Bazooka Chiefs QB Patrick Mahomes
98%
Double Me Chiefs TE Travis Kelce
98%
Double Me Bengals WR Ja'Marr Chase
96%
RAC 'em Up Dolphins WR Tyreek Hill
96%
Max Security Bears WR Keenan Allen
95%
Truzz Ravens QB Lamar Jackson
95%
Double Me Buccaneers WR Mike Evans
95%
Double Me Raiders WR Davante Adams
94%
RAC 'em Up Rams WR Cooper Kupp
93%
Double Me Seahawks WR DK Metcalf
92%
Unstoppable Force Browns DE Myles Garrett
92%
Unstoppable Force Steelers OLB TJ Watt
91%
YAC 'em Up 49ers TE George Kittle
90%
YAC 'em Up Cowboys WR CeeDee Lamb
89%
Momentum Shift Chiefs DT Chris Jones
89%
Dual Threat Cowboys DE Micah Parsons
89%
Max Security Eagles WR AJ Brown
88%
YAC 'em Up Ravens TE Mark Andrews
88%
Zone Hawk 49ers MLB Fred Warner
85%
RAC 'em Up Texans WR Stefon Diggs
85%
Shutdown Broncos CB Patrick Surtain II
79%
Unstoppable Force Jaguars OLB Josh Hines-Allen
77%
Bottleneck Dolphins CB Jalen Ramsey
75%
Run & Gun Bengals QB Joe Burrow
74%
Momentum Shift Commanders DT Jonathan Allen
74%
Relentless 49ers DE Nick Bosa
74%
Wrecking Ball Browns RB Nick Chubb
74%
Run & Gun Eagles QB Jalen Hurts
73%
Relentless Raiders DE Maxx Crosby
72%
First One Free Eagles RB Saquon Barkley
72%
Freight Train Ravens RB Derrick Henry
70%
YAC 'em Up 49ers WR Deebo Samuel Sr.
67%
Shutdown Jets FS Sauce Gardner
65%
Shutdown Packers CB Jaire Alexander
64%
Shutdown Falcons FS Jessie Bates III
63%
Reinforcement Ravens MLB Roquan Smith
61%
Blitz Giants DT Dexter Lawrence II
60%
Shutdown Eagles CB Darius Slay Jr.
58%
Reinforcement Chargers SS Derwin James Jr.
58%
Reinforcement Saints MLB Demario Davis
51%
Shutdown Saints CB Marshon Lattimore
51%
Reinforcement Ravens SS Kyle Hamilton
49%
Fearmongerer Steelers DE Cameron Heyward
47%
Run Stuffer Buccaneers MLB Lavonte David
45%
Reinforcement Bills OLB Matt Milano
39%
Shutdown Rams CB Tre'Davious White
39%
No matching quizzes found
Score Distribution
Percent of People with Each Score
Percentile by Number Answered
Your Score History
You have not taken this quiz